000 00322nam a2200109Ia 4500
008 200302s9999 xx 000 0 und d
100 _aBuenos Aires Bienal
245 _aNew Architecture 5 Truth Radicality and Beyond in Contemporary Architecture
260 _bAndreas Papaakis Publisher
260 _c2000
300 _a144 P.,
999 _c3879
_d3879